000 00361nam a22001457a 4500
082 _a030
_bSAJ/P
100 _aSAJITH, B R
100 _aASHRAF, S
245 _aPOCKET DICTIONARY
_bENGLISH-MALAYALAM
250 _aFIRST EDITION
260 _aTRIVANDRUM
_bEDUCATIONAL PUBLISHERS & DISTRIBUTORS
_c1996
300 _a59
650 _aDICTIONARY
_zINDIA
942 _cBK
999 _c1708
_d1708